000 00765nam a2200289Ia 4500
001 96830
003 IT-RoPAU
008 130308s9999 xx 000 0 und d
040 _aIT-RoPAU
040 _cIT-RoPAU
041 _aITALIANO
100 _aStefani Gino
100 _gCodice Aut. SPICS: 1035
245 _aLinguaggio musicale nella scuola
245 _bEducazione Musicale o musicoterapia ?
250 _a1a ed.
260 _aASSISI
260 _bPro Civitate Christiana
260 _c1982 [1° Ed.:1982 - Ed.Ling.Originale:1982]
300 _a"9 p. (prefazione: no ; testo: 9 [pagine: 41-49])"
650 _aEDUCAZIONE ALLA MUSICA
650 _eCodice materia Spics: 7012
942 _cBK
957 _71
999 _c60709
_d60709
999 _bSI
999 _g1